000 00403nam a2200181Ia 4500
001 516
005 20260306140523.0
008 260306t2001||||xx |||||||||||||| ||spa||
041 _aESP
082 _a121.68
_bR53
100 _aRicoeur, Paul
_eAUT
245 0 _aLa metáfora viva
260 _c2001
300 _a434 páginas :
_c23 cm.
650 _aGEN
654 _aCHU
942 _cLIB
_dJUS
_fJUS
_2ddc
_n
999 _c516
_d516